书目信息 |
| 题名: |
传世文选
|
|
| 作者: | 谭国清 主编 | |
| 分册: | ||
| 出版信息: | 北京 西苑出版社 2009.09 |
|
| 页数: | 222页 | |
| 开本: | 24cm | |
| 丛书名: | ||
| 单 册: | ||
| 中图分类: | I211 | |
| 科图分类: | ||
| 主题词: | 文学--作品集--中国--中国 | |
| 电子资源: | ||
| ISBN: | 978-7-80108-703-4 | |
| 000 | 00859 nam0 000265 | |
| 001 | 0100009680 | |
| 005 | 20110302184146.87 | |
| 010 | @a978-7-80108-703-4@dCNY29.80 | |
| 100 | @a20100729d1997 em y0chiy0121 ea | |
| 101 | @achi | |
| 102 | @aCN@b110000 | |
| 105 | @ay z 000yy | |
| 200 | 10 | @a传世文选@Achuan shi wen xuan@e玉台新咏@f谭国清主编@Ftan guo qing zhu bian |
| 205 | @a第2版 | |
| 210 | @a北京@c西苑出版社@d2009.09 | |
| 215 | @a222页@d24cm | |
| 330 | @a全书荟萃了苏武,班婕妤,张衡,曹植,陆机,陶渊明,鲍照,司马相如,沈约等名家的诗作,以及作者已失传脍炙人口的古诗,古乐府,和童谣等。 | |
| 517 | 1 | @a玉台新咏@Ayu tai xin yong |
| 540 | @a玉台新咏 | |
| 606 | @a文学@x作品集@x中国@y中国 | |
| 690 | @aI211@v4 | |
| 701 | 0 | @a谭国清@Atan guo qing@4主编 |
| 801 | @aCN@bDYGS@c20110302 | |
| 901 | @a210902 | |
| 905 | @b969840-2@dI211@eX752=2@f3 | |
| 传世文选:玉台新咏/谭国清主编.-第2版.-北京:西苑出版社,2009.09 |
| 222页;24cm |
| ISBN 978-7-80108-703-4:CNY29.80 |
| 全书荟萃了苏武,班婕妤,张衡,曹植,陆机,陶渊明,鲍照,司马相如,沈约等名家的诗作,以及作者已失传脍炙人口的古诗,古乐府,和童谣等。 |
| ● |
| 相关链接 |
|
|
|
正题名:传世文选
索取号:I211/X752=2
 
预约/预借
| 序号 | 登录号 | 条形码 | 馆藏地/架位号 | 状态 | 备注 |
| 1 | 1192627 | 211926273 | 文学库108/108文学库 12排8列3层/ [索取号:I211/X752=2] | 在馆 | |
| 2 | 1192628 | 211926282 | 文学库108/108文学库 12排8列3层/ [索取号:I211/X752=2] | 在馆 | |
| 3 | 1192629 | 211926291 | 文学库108/108文学库 12排8列3层/ [索取号:I211/X752=2] | 在馆 |